|
|
|
|
| LEADER |
01992nam a2200457 i 4500 |
| 001 |
EBC4843225 |
| 003 |
MiAaPQ |
| 005 |
20200520144314.0 |
| 006 |
m o d | |
| 007 |
cr cnu|||||||| |
| 008 |
170427t20172017gw a ob 000 0 ger d |
| 020 |
|
|
|z 9783110297393
|
| 020 |
|
|
|a 9783110495751
|q (electronic bk.)
|
| 020 |
|
|
|a 9783110493436
|q (electronic bk.)
|
| 035 |
|
|
|a (MiAaPQ)EBC4843225
|
| 035 |
|
|
|a (Au-PeEL)EBL4843225
|
| 035 |
|
|
|a (CaPaEBR)ebr11375526
|
| 035 |
|
|
|a (OCoLC)983735863
|
| 040 |
|
|
|a MiAaPQ
|b eng
|e rda
|e pn
|c MiAaPQ
|d MiAaPQ
|
| 050 |
|
4 |
|a HA29
|b .B363 2017
|
| 082 |
0 |
|
|a 519.5
|2 23
|
| 100 |
1 |
|
|a Bamberg, Gunter ,
|e author.
|
| 245 |
1 |
0 |
|a Statistik-Arbeitsbuch :
|b Ubungsaufgaben - Fallstudien - Losungen /
|c Gunter Bamberg, Franz Baur, Michael Krapp.
|
| 250 |
|
|
|a 10., aktualisierte Auflage.
|
| 264 |
|
1 |
|a Berlin, [Germany] ;
|a Boston, [Massachusetts] :
|b De Gruyter Oldenbourg,
|c 2017.
|
| 264 |
|
4 |
|c 2017
|
| 300 |
|
|
|a 1 online resource (172 pages) :
|b illustrations
|
| 336 |
|
|
|a text
|2 rdacontent
|
| 337 |
|
|
|a computer
|2 rdamedia
|
| 338 |
|
|
|a online resource
|2 rdacarrier
|
| 504 |
|
|
|a Includes bibliographical references.
|
| 588 |
|
|
|a Description based on online resource; title from PDF title page (ebrary, viewed April 27, 2017).
|
| 590 |
|
|
|a Electronic reproduction. Ann Arbor, MI : ProQuest, 2016. Available via World Wide Web. Access may be limited to ProQuest affiliated libraries.
|
| 650 |
|
0 |
|a Statistics.
|
| 650 |
|
0 |
|a Statistics
|v Periodicals.
|
| 655 |
|
4 |
|a Electronic books.
|
| 700 |
1 |
|
|a Baur, Franz ,
|e author.
|
| 700 |
1 |
|
|a Krapp, Michael ,
|e author.
|
| 776 |
0 |
8 |
|i Print version:
|a Bamberg, Gunter.
|t Statistik-Arbeitsbuch : Ubungsaufgaben - Fallstudien - Losungen.
|b 10., aktualisierte Auflage.
|d Berlin, [Germany] ; Boston, [Massachusetts] : De Gruyter Oldenbourg, c2017
|h x, 162 pages
|z 9783110297393
|
| 797 |
2 |
|
|a ProQuest (Firm)
|
| 856 |
4 |
0 |
|u https://ebookcentral.proquest.com/lib/matrademy/detail.action?docID=4843225
|z Click to View
|